Operations research. (Record no. 155994)
[ view plain ]
| 000 -LEADER | |
|---|---|
| fixed length control field | 00506nam a2200217Ia 4500 |
| 003 - CONTROL NUMBER IDENTIFIER | |
| control field | OSt |
| 005 - DATE AND TIME OF LATEST TRANSACTION | |
| control field | 20230421100323.0 |
| 008 - FIXED-LENGTH DATA ELEMENTS--GENERAL INFORMATION | |
| fixed length control field | 210423s2008 xx 000 0 und d |
| 020 ## - INTERNATIONAL STANDARD BOOK NUMBER | |
| International Standard Book Number | 8125912754 |
| 040 ## - CATALOGING SOURCE | |
| Transcribing agency | AL |
| 041 ## - LANGUAGE CODE | |
| Language code of text/sound track or separate title | eng |
| 082 ## - DEWEY DECIMAL CLASSIFICATION NUMBER | |
| Classification number | 658.4034 KALS |
| 100 ## - MAIN ENTRY--PERSONAL NAME | |
| Personal name | KALAVATHY (S). |
| 9 (RLIN) | 77925 |
| 245 ## - TITLE STATEMENT | |
| Title | Operations research. |
| 250 ## - EDITION STATEMENT | |
| Edition statement | 2 |
| 260 ## - PUBLICATION, DISTRIBUTION, ETC. | |
| Place of publication, distribution, etc. | New Delhi |
| Name of publisher, distributor, etc. | Vikas Publications |
| Date of publication, distribution, etc. | 2008 |
| 300 ## - PHYSICAL DESCRIPTION | |
| Extent | xv,536 |
| 365 ## - TRADE PRICE | |
| Price amount | 150 |
| Currency code | INR |
| 906 ## - LOCAL DATA ELEMENT F, LDF (RLIN) | |
| a | Operations ; research |
| 942 ## - ADDED ENTRY ELEMENTS (KOHA) | |
| Source of classification or shelving scheme | Dewey Decimal Classification |
| Koha item type | Book |
| Withdrawn status | Lost status | Damaged status | Not for loan | Collection code | Home library | Current library | Date acquired | Source of acquisition | Cost, normal purchase price | Total Checkouts | Full call number | Barcode | Date last seen | Date last checked out | Price effective from | Koha item type | Total Renewals | Date due |
|---|---|---|---|---|---|---|---|---|---|---|---|---|---|---|---|---|---|---|
| M Com | St Aloysius PG Library | St Aloysius PG Library | 07/19/2008 | Higginbothams Pvt Ltd | 150.00 | 4 | 658.4034 KALS | PG002089 | 01/20/2025 | 01/17/2025 | 04/26/2021 | Book | ||||||
| M Com | St Aloysius PG Library | St Aloysius PG Library | 07/19/2008 | Higginbothams Pvt Ltd | 150.00 | 12 | 658.4034 KALS | PG002090 | 11/16/2024 | 11/09/2024 | 04/26/2021 | Book | 1 | |||||
| M Com | St Aloysius PG Library | St Aloysius PG Library | 08/27/2008 | Athulya Books | 150.00 | 8 | 658.4034 KALS | PG002466 | 10/13/2025 | 07/29/2025 | 04/26/2021 | Book | ||||||
| M Com | St Aloysius PG Library | St Aloysius PG Library | 05/23/2009 | Athulya Books | 150.00 | 5 | 658.4034 KALS | PG003115 | 10/13/2025 | 06/26/2025 | 04/26/2021 | Book | 1 | |||||
| M Com | St Aloysius PG Library | St Aloysius PG Library | 05/23/2009 | Athulya Books | 150.00 | 6 | 658.4034 KALS | PG003116 | 06/15/2026 | 06/15/2026 | 04/26/2021 | Book | 10/13/2026 | |||||
| M Com | St Aloysius PG Library | St Aloysius PG Library | 05/23/2009 | Athulya Books | 150.00 | 658.4034 KALS | PG003117 | 08/24/2022 | 04/26/2021 | Reference | ||||||||
| M Com | St Aloysius PG Library | St Aloysius PG Library | 05/23/2009 | Athulya Books | 150.00 | 7 | 658.4034 KALS | PG003118 | 03/03/2026 | 03/03/2026 | 04/26/2021 | Book |